Impact of the structure and extent of urban development on the choice of modes of transport (Record no. 413982)

000 -LEADER
fixed length control field 00451cam a22001217a 4500
008 - FIXED-LENGTH DATA ELEMENTS--GENERAL INFORMATION
fixed length control field 180718b1975 xxu||||| |||| 00| 0 eng d
082 ## - DEWEY DECIMAL CLASSIFICATION NUMBER
Classification number W Eu72
245 ## - TITLE STATEMENT
Title Impact of the structure and extent of urban development on the choice of modes of transport
Statement of responsibility, etc. By ECMT
260 ## - PUBLICATION, DISTRIBUTION, ETC.
Place of publication, distribution, etc. Paris
Name of publisher, distributor, etc. European conference of ministers of transport
Date of publication, distribution, etc. 1975
300 ## - PHYSICAL DESCRIPTION
Extent 60p.
650 ## - SUBJECT ADDED ENTRY--TOPICAL TERM
Topical term or geographic name entry element Urban transportation -- Congresses
650 ## - SUBJECT ADDED ENTRY--TOPICAL TERM
Topical term or geographic name entry element Choice of transportation -- Congresses
Holdings
Withdrawn status Lost status Damaged status Not for loan Permanent Location Current Location Date acquired Full call number Barcode Date last seen Price effective from Koha item type
        Indian Institute of Public Administration Indian Institute of Public Administration 2009-02-20 W Eu72 DA4784 2018-07-21 2018-07-21 DA

Powered by Koha